000
00315 a2200109 4500
001
ART_18795
005
20260410161920.0
008
260409a
245
1
0
_a
Actualidad societaria
100
1
_a
Mascheroni, Fernando H.
773
0
_t
La información
_g
- Tomo XXXVII, Nº 581 (mayo 1978)
_w
REV14902
999
_c
27618
_d
27618